| 000 | 00581nam a22001937a 4500 | ||
|---|---|---|---|
| 008 | 151006b xxu||||| |||| 00| 0 eng d | ||
| 020 | _a9780071752862 | ||
| 020 | _a0071752862 | ||
| 041 | 0 | _aeng | |
| 082 | _a316.46 | ||
| 100 | 1 | _aSchlimm, Dirk. | |
| 245 | 1 | 0 |
_aInfluencing powerful people : _cDirk Schlimm. |
| 260 |
_aNew York : _bMcGraw-Hill, _c2011. |
||
| 300 |
_axxii, 248 f. ; _b24 cm. |
||
| 650 | 0 | _aUdhëheqje | |
| 650 | 0 | _aLidership | |
| 650 | 0 | _aPsikologji | |
| 942 |
_2udc _cBK |
||
| 999 |
_c1228 _d1228 |
||